Инновационная инфраструктура рынка: электронный курс
| Autore principale: | |
|---|---|
| Ente Autore: | |
| Riassunto: | Заглавие с экрана Курс посвящен теоретическим и практическим основам функционирования инновационной инфраструктуры рынка, организации инновационной деятельности предприятия и методикам поддержки инновационных проектов в РФ. Большое внимание уделяется региональной инновационной системе, ее формированию и развитию, а также организационно-правовым аспектам инновационной деятельности. Доступ по логину и паролю |
| Lingua: | russo |
| Pubblicazione: |
Томск, TPU Moodle, 2014
|
| Soggetti: | |
| Accesso online: | https://design.lms.tpu.ru/course/view.php?id=66 |
| Natura: | MixedMaterials Elettronico Libro |
| KOHA link: | https://koha.lib.tpu.ru/cgi-bin/koha/opac-detail.pl?biblionumber=651619 |
MARC
| LEADER | 00000nlm0a2200000 4500 | ||
|---|---|---|---|
| 001 | 651619 | ||
| 005 | 20240209132410.0 | ||
| 035 | |a (RuTPU)RU\TPU\network\16868 | ||
| 035 | |a RU\TPU\network\16864 | ||
| 090 | |a 651619 | ||
| 100 | |a 20161117d2014 m y0rusy50 ca | ||
| 101 | 0 | |a rus | |
| 102 | |a RU | ||
| 105 | |a a j 000zy | ||
| 135 | |a jrcn ---uucaa | ||
| 181 | 0 | |a i | |
| 182 | 0 | |a b | |
| 200 | 1 | |a Инновационная инфраструктура рынка |e электронный курс |f Л. Ю. Спицына |g Национальный исследовательский Томский политехнический университет (ТПУ), Институт социально-гуманитарных технологий (ИСГТ), Кафедра экономики (ЭКОН) | |
| 203 | |a Текст |c электронный | ||
| 210 | |a Томск |c TPU Moodle |d 2014 | ||
| 300 | |a Заглавие с экрана | ||
| 330 | |a Курс посвящен теоретическим и практическим основам функционирования инновационной инфраструктуры рынка, организации инновационной деятельности предприятия и методикам поддержки инновационных проектов в РФ. Большое внимание уделяется региональной инновационной системе, ее формированию и развитию, а также организационно-правовым аспектам инновационной деятельности. | ||
| 333 | |a Доступ по логину и паролю | ||
| 606 | 1 | |a Инновации |2 stltpush |3 (RuTPU)RU\TPU\subj\67423 |9 83236 | |
| 610 | 1 | |a электронный ресурс | |
| 610 | 1 | |a труды учёных ТПУ | |
| 610 | 1 | |a электронное обучение | |
| 610 | 1 | |a электронные курсы ТПУ | |
| 610 | 1 | |a инновационная инфраструктура | |
| 610 | 1 | |a рынки | |
| 610 | 1 | |a инновации | |
| 610 | 1 | |a инновационная деятельность | |
| 610 | 1 | |a инновационная экономика | |
| 610 | 1 | |a национальная инновационная система | |
| 610 | 1 | |a финансирование | |
| 610 | 1 | |a электронные учебные пособия | |
| 610 | 1 | |a учебные пособия | |
| 686 | |a У9(2)0-551 |2 rubbk | ||
| 700 | 1 | |a Спицына |b Л. Ю. |c экономист |c доцент Томского политехнического университета, кандидат экономических наук |f 1976- |g Любовь Юрьевна |3 (RuTPU)RU\TPU\pers\31992 |9 16052 | |
| 712 | 0 | 2 | |a Национальный исследовательский Томский политехнический университет (ТПУ) |b Институт социально-гуманитарных технологий (ИСГТ) |b Кафедра экономики (ЭКОН) |3 (RuTPU)RU\TPU\col\18375 |
| 801 | 2 | |a RU |b 63413507 |c 20211202 |g RCR | |
| 856 | 4 | |u https://design.lms.tpu.ru/course/view.php?id=66 | |
| 942 | |c CF | ||